000 00420nam a2200157Ia 4500
008 230711s9999||||xx |||||||||||||| ||und||
041 _aENG
082 _a621
_bCH-M
100 _aChatterjee,R
245 0 _aMicrowave engineering : special topics
250 _a1st Ed.
260 _c1988
_aNew Delhi
_bEWP(Affiliated East-West Press Private Limited)
300 _a532
650 _aElectronics Engineering
942 _cBK
999 _c4837
_d4837